000 01619cam a22004814i 4500
003 PE-LiUPU
005 20250731173541.0
008 150616s r 000 0 d
020 _a1850757615
035 _a(Sirsi) i9781850757610
040 _aPE-LiUPU
_bspa
_cPE-LiUPU
_erda
049 _aPRUA
082 0 4 _a236
_bF26
_221
100 1 _aFaupel, D. William,
_eautor.
245 1 4 _aThe Everlasting Gospel.
264 1 _aWiltshire, Inglaterra :
_bSheffield Academic Press,
_c1996.
300 _a326 páginas ;
_c23 centímetros
336 _atext
_2rdacontent
337 _aunmediated
_2rdamedia
338 _avolume
_2rdacarrier
490 0 _aJournal of Pentecostal Theology Supplement Series ;
_v10
504 _aIncluye bibliografía.
505 0 _aThe pentecostal message.- The context of pentecostal thought.- The formation of pentecostal thought.
526 _aSEG42
526 _aSEG41
526 _aSEG40
526 _aSEG39
526 _aP94
526 _aP87
526 _aP86
526 _aP85
526 _aP77
526 _aP76
526 _aP35
650 0 4 _aESCATOLOGIA (IGLESIA PENTECOSTAL).
910 _ajck
_bjvq
_cjck
942 _2ddc
_cBOOK
949 _a236 F26
_wDEWEY
_c1
_i42614
_lCCODEBUL1
_mBUL
_r0
_sY
_tBOOK
_u2015-6-16
_xTEOLOGIA
_zUNKNOWN
_0COMPRA
_o.STAFF. Colección General
994 _aC0
_bPEPRU
596 _a1
999 _a236 F26
_wDEWEY
_c60451
_i42614
_f2021-11-10
_g5
_lCCODEBUL1
_mBUL
_r0
_sY
_tBOOK
_u2015-6-16
_xTEOLOGIA
_zUNKNOWN
_0COMPRA
_o.STAFF. Colección General
_d60451
980 _81
_gALBERTO SANCHEZ Responsable de Automatización